[Event "Roux CREC op"]
[Site "Roux"]
[Date "2009.07.26"]
[Round "1"]
[White "Dembour, Luc"]
[Black "Gulbas, Cemil"]
[Result "0-1"]
[WhiteElo "1833"]
[BlackElo "2344"]
[PlyCount "34"]
[EventDate "2009.07.25"]
[EventType "swiss"]
[EventRounds "9"]
[EventCountry "BEL"]
[SourceTitle "EXT 2010"]
[Source "ChessBase"]
[SourceDate "2010.11.25"]
[SourceVersion "1"]
[SourceVersionDate "2010.11.25"]
[SourceQuality "1"]

1. d4 d5 2. Nc3 Nf6 3. Nf3 e6 4. e3 c5 5. a3 a6 6. Be2 Nc6 7. dxc5 Bxc5 8. Nd4 Bd7 9. Nb3 Ba7 10. Bf3 Ne5 11. Be2 Qc7 12. 0-0 h5 13. Kh1 Neg4 14. g3 0-0-0 15. Bf3 Ne5 16. Bg2 h4 17. Qe1 h3 0-1

[Event "Charleroi op 3rd"]
[Site "Charleroi"]
[Date "2004.08.05"]
[Round "7"]
[White "Dembour, Luc"]
[Black "De Gueldre, Philippe"]
[Result "1/2-1/2"]
[WhiteElo "1816"]
[BlackElo "2108"]
[PlyCount "144"]
[EventDate "2004.07.03"]
[EventType "swiss"]
[EventRounds "9"]
[EventCountry "BEL"]
[SourceTitle "CBM 101 Extra"]
[Source "ChessBase"]
[SourceDate "2004.09.01"]
[SourceVersion "2"]
[SourceVersionDate "2004.09.01"]
[SourceQuality "1"]

1. Nf3 d5 2. b3 Nf6 3. Bb2 e6 4. e3 Bd6 5. Be2 0-0 6. 0-0 c5 7. Ne5 Qc7 8. f4 Nbd7 9. d4 cxd4 10. exd4 Ne4 11. c4 f6 12. Nd3 dxc4 13. bxc4 Qxc4 14. Nc5 Qd5 15. Nxe4 Qxe4 16. Rf3 Qc6 17. Nd2 Nb6 18. Rh3 e5 19. Qb3+ Qd5 20. Qxd5+ Nxd5 21. Bc4 Bxh3 22. Bxd5+ Kh8 23. fxe5 Bb4 24. exf6 gxf6 25. Nb3 Bf5 26. Bxb7 Rab8 27. Bc6 a5 28. Rf1 Bg6 29. d5 Kg7 30. g4 h6 31. h4 a4 32. Bxa4 Ra8 33. Nd4 Bc5 34. Bb3 Rae8 35. Kh2 Bxd4 36. Bxd4 Re4 37. Bc5 Rc8 38. Bb6 Rxg4 39. d6 Be4 40. Bc7 Rg2+ 41. Kh3 Rg6 42. Rf2 Re8 43. Bd1 Bc6 44. Re2 Rxe2 45. Bxe2 f5 46. Bd3 Kf6 47. Bd8+ Ke6 48. Bc7 Bd7 49. Bc4+ Ke5 50. Bb5 Ke6 51. Bc4+ Kf6 52. Kh2 Rg4 53. Bd5 Rxh4+ 54. Kg3 Rg4+ 55. Kf2 Rd4 56. Bb3 Be6 57. Ke3 Re4+ 58. Kd3 Bxb3 59. axb3 Ke6 60. Kc3 h5 61. b4 h4 62. b5 Kd7 63. b6 Kc8 64. Bd8 Re6 65. Be7 h3 66. b7+ Kxb7 67. d7 Rc6+ 68. Kd2 h2 69. d8Q h1Q 70. Qd7+ Ka6 71. Qd3+ Kb7 72. Qd7+ Rc7 1/2-1/2